|
|
|
|
| LEADER |
00774nnm a2200229 i 4500 |
| 001 |
eta1794 |
| 005 |
20190204104411.0 |
| 008 |
190204s2010 hu o 0|| hun d |
| 040 |
|
|
|a SZTE Elektronikus Tananyag Archívum
|b hun
|
| 041 |
|
|
|a hun
|
| 100 |
1 |
|
|a Benedict Mihály
|
| 245 |
1 |
0 |
|a Kvantummechanika számítógépes animációkkal ; Animációk, feladatok, ábrák, tesztek
|h [elektronikus dokumentum] /
|c Benedict Mihály
|
| 260 |
|
|
|c 2010
|
| 300 |
|
|
|a 167
|
| 516 |
|
|
|a Book
|
| 650 |
|
4 |
|a Természettudományok
|
| 650 |
|
4 |
|a Fizikai tudományok
|
| 695 |
|
|
|a kvantummechanika
|
| 700 |
0 |
1 |
|a Dömötör Piroska
|e aut
|
| 700 |
0 |
1 |
|a Földi Péter
|e aut
|
| 700 |
0 |
1 |
|a Czirják Attila
|e aut
|
| 856 |
4 |
0 |
|u https://eta.bibl.u-szeged.hu/1794/1/kvantum_lektoralt_5.pdf
|z Dokumentum-elérés
|